000 00737nam a2200241Ia 4500
003 OSt
005 20220923224056.0
006 a|||||r|||| 00| 0
007 ta
008 220922b |||||||| |||| 00| 0 hin d
024 _a224,929
037 _cTextual
040 _aARTS
_cARTS
_bhin
041 _2hin
_ahin
082 _aDelta2:864, 152P3
100 _aनारायण दास
_9156278
245 0 _aप्रश्न वैष्णव
246 _aPrashna vaiṣhṇava
260 _aवाराणसी
_b सुरभारती प्रकाशन
_c2003
300 _a180पृ.
_ccm.
942 _hDelta2:864, 152P3
_cTEXL
_2CC
999 _c369061
_d369061